Good practice guide (Record no. 106748)
[ view plain ]
| 000 -LEADER | |
|---|---|
| fixed length control field | 01286cam a2200253 4500 |
| 001 - CONTROL NUMBER | |
| control field | L137363 |
| 008 - FIXED-LENGTH DATA ELEMENTS--GENERAL INFORMATION | |
| fixed length control field | 070330s2006 xxk f 000 0 eng d |
| 020 ## - INTERNATIONAL STANDARD BOOK NUMBER | |
| International Standard Book Number | 1859462499 |
| -- | 9781859462492 |
| 035 ## - SYSTEM CONTROL NUMBER | |
| System control number | (Sirsi) u137363 |
| 041 0# - LANGUAGE CODE | |
| Language code of text/sound track or separate title | eng |
| 050 04 - LIBRARY OF CONGRESS CALL NUMBER | |
| Classification number | 658.022 $2 18 |
| 100 1# - MAIN ENTRY--PERSONAL NAME | |
| Personal name | Foxell, Simon |
| 245 00 - TITLE STATEMENT | |
| Title | Good practice guide |
| Remainder of title | starting a practice |
| -- | a plan of work |
| 260 ## - PUBLICATION, DISTRIBUTION, ETC. | |
| Place of publication, distribution, etc. | London |
| Name of publisher, distributor, etc. | RIBA |
| Date of publication, distribution, etc. | 2006 |
| 300 ## - PHYSICAL DESCRIPTION | |
| Extent | 155p. |
| Dimensions | 25cm. |
| 350 ## - PRICE (NR) (BK AM CF MU VM SE) [OBSOLETE] | |
| Price | 15 |
| 490 #0 - SERIES STATEMENT | |
| Series statement | RIBA Good Practice Guide Series |
| 505 2# - FORMATTED CONTENTS NOTE | |
| Formatted contents note | Appraisal and feasibility -- Preparing the brief -- The outline business case -- Running the business -- Setting up the business -- Getting noticed -- Winning work -- Appointments and fees -- Working -- Keeping going -- Evaluation and looking ahead -- Bibliography and websites |
| 520 ## - SUMMARY, ETC. | |
| Summary, etc. | A comprehensive guide covering the issues and steps involved in setting up and running an architectural practice. Looks at the different forms of practice, where to set up an office, how to draw up a business plan, what professional advice to seek, and obstacles to clear to incorporate the firm. Also explains how to look after finances, deal with staff, and win work. |
| 651 #4 - SUBJECT ADDED ENTRY--GEOGRAPHIC NAME | |
| Geographic name | United Kingdom |
| Chronological subdivision | |
| 690 ## - LOCAL SUBJECT ADDED ENTRY--TOPICAL TERM (OCLC, RLIN) | |
| Topical term or geographic name as entry element | MANAGEMENT-BUSINESS MANAGEMENT |
| 942 ## - ADDED ENTRY ELEMENTS (KOHA) | |
| Suppress in OPAC | 0 |
| Withdrawn status | Lost status | Source of classification or shelving scheme | Damaged status | Not for loan | Home library | Current library | Shelving location | Date acquired | Cost, normal purchase price | Total Checkouts | Full call number | Barcode | Date last seen | Date last checked out | Copy number | Cost, replacement price | Price effective from | Koha item type |
|---|---|---|---|---|---|---|---|---|---|---|---|---|---|---|---|---|---|---|
| Dewey Decimal Classification | London | London | Books | 01/05/2007 | 12.75 | 15 | 658.022 FOX | 30072233 | 06/08/2019 | 05/01/2010 | 1 | 12.75 | 06/08/2019 | Book |